La differenziazione territoriale di valori tra regionalità, nazionalità e sovranazionalità. (Record n. 360586)
[ formato base ]
| 000 -LEADER | |
|---|---|
| campo di controllo lung. fissa | 00720nam a22001817a 4500 |
| 003 - Identificatore del numero di controllo | |
| campo di controllo | IT-MiCISF |
| 005 - Data e orario dell'ultima transazione | |
| campo di controllo | 20250717114547.0 |
| 008 - Elementi di lunghezza fissa--Informazione generale | |
| campo di controllo lung. fissa | 250717b |||||||| |||| 00| 0 eng d |
| 040 ## - Fonte della catalogazione | |
| Agenzia che fa la trascrizione | IT-MiCISF |
| 100 ## - Accesso principale -- nome di persona | |
| Nome di persona | Gubert Renzo |
| 9 (RLIN) | 60175 |
| 245 ## - Formulazione del titolo | |
| Titolo | La differenziazione territoriale di valori tra regionalità, nazionalità e sovranazionalità. |
| Complemento del titolo | I casi delle aree culturali italiana e tedesca in Europa nei primi anni Duemila |
| 260 ## - Pubblicazione, distribuzione, ecc. (stampa) | |
| Luogo di pubblicazione, distribuzione, ecc. | Berlin, |
| Nome dell'editore, distributore, ecc. | Duncker & Humblot, |
| Data di pubblicazione, distribuzione, ecc. | 2018 |
| 300 ## - Descrizione fisica | |
| Estensione | pp. 390 |
| 500 ## - Nota generale | |
| Nota generale | società, cultura, valori, politica, religione, etica, famiglia, lavoro, devianza, rapporti-sociali, nuovi-media, comparazione, sociologia |
| 650 ## - Accesso aggiunto di soggetto--termine topico | |
| Termine topico o nome geografico come accesso | Società |
| 654 ## - Accesso aggiunto di soggetto--termini topici faccettati | |
| Termine principale | studio |
| 942 ## - Dati aggiuntivi (Koha) | |
| Fonte della classificazione o dello schema di collocazione (segnatura) | Dewey Decimal Classification |
| Tipo copia default (Koha) | LIBRO |
| Ritirato (status) | Perso (status) | Fonte della classificazione o dello schema di collocazione (segnatura) | Danneggiato (status) | Non per il presito | Biblioteca proprietaria | Biblioteca in cui si trova | Data d'acquisizione | Totale prestiti | Collocazione | Data ultima operazione | Prezzo in vigore dal | Tipo copia default (Koha) |
|---|---|---|---|---|---|---|---|---|---|---|---|---|
| Dewey Decimal Classification | Buone Condizioni | Not For Loan | CISF - Milano | CISF - Milano | 17/07/2025 | B7875 | 17/07/2025 | 17/07/2025 | LIBRO |